000 00525nam a2200181Ia 4500
003 IN-BaIIA
008 211028s9999 xx 000 0 eng d
040 _cIIA Library
080 _a083:53
_bKRA
100 _aKramers, H.A
_93231
245 0 _aCollected scientific papers of h.a.kramers
_cHendrik Anthony Kramers
260 _aAmsterdam
_bNorth-Holland
_c1956
300 _axi, 969p.
650 _aCollected works-H A Kramers
_93232
650 _aH A Kramers collected works
_93233
650 _aNASA thesaurus
942 _cBK
999 _c1618
_d1618